Μελέτη της ανάπτυξης της γυναικείας επιχειρηματικότητας στη δημοτική ενότητα Αρκαλοχωρίου, 2000-2012 : πτυχιακή εργασία
Αποθηκεύτηκε σε:
| Κύριος συγγραφέας: | |
|---|---|
| Συγγραφή απο Οργανισμό/Αρχή: | |
| Άλλοι συγγραφείς: | |
| Μορφή: | Thesis Βιβλίο |
| Γλώσσα: | Greek |
| Δημοσίευση: |
2012.
|
| Θέματα: | |
| Διαθέσιμο Online: | http://hdl.handle.net/11610/6075 |
| Ετικέτες: |
Προσθήκη ετικέτας
Δεν υπάρχουν, Καταχωρήστε ετικέτα πρώτοι!
|
MARC
| LEADER | 00000cam a2200000 i 4500 | ||
|---|---|---|---|
| 001 | 1/28536 | ||
| 008 | 130417s2012 gr | ||| |||| ||gre|| | ||
| 035 | |l 10114213 | ||
| 040 | |a GR-MyUa |b gre |e AACR2 | ||
| 041 | 0 | |a gre | |
| 082 | 7 | |a 338.9 |2 (22) | |
| 100 | 1 | |a Κόντης, Μάριος. | |
| 245 | 1 | 0 | |a Μελέτη της ανάπτυξης της γυναικείας επιχειρηματικότητας στη δημοτική ενότητα Αρκαλοχωρίου, 2000-2012 : |b πτυχιακή εργασία / |c Κόντης Μάριος ; επιβλέπουσα: Καπετανάκη-Μπριασούλη Ελένη. |
| 260 | |c 2012. | ||
| 300 | |a 67 σ. ; |c 30 εκ. | ||
| 500 | |a Μέλη επιτροπής: Ιωσηφίσης Θεόδωρος, Κίζος Αθανάσιος. | ||
| 502 | |a Πτυχιακή εργασία – Πανεπιστήμιο Αιγαίου, Λέσβος, 2012. | ||
| 504 | |a Βιβλιογραφία: σ. 56-58, παράρτημα. | ||
| 650 | 0 | |a Businesswomen |z Greece |z Erakleion (Nome) | |
| 650 | 0 | |a Women-owned business enterprises |z Greece |z Erakleion (Nome) | |
| 650 | 0 | |a Women-owned business enterprises |x Economic aspects. | |
| 650 | 0 | |a Women in development |z Greece |z Erakleion (Nome) | |
| 650 | 0 | |a Business enterprises |z Greece |z Erakleion (Nome) | |
| 650 | 0 | |a Dissertations, Academic |z Greece. | |
| 700 | 1 | |a Μπριασούλη, Ελένη, |e dgsf | |
| 710 | 2 | |a Πανεπιστήμιο Αιγαίου. |b Σχολή Κοινωνικών Επιστημών. |b Τμήμα Γεωγραφίας. | |
| 852 | |a INST |b LESVOS |c DIATR |e 20130417 |h 695 |p 005100052556 |q 005100052556 |t DIE |y 23 | ||
| 852 | |a INST |b LESVOS |c DIATR |e 20130417 |h 696 |p 005100052555 |q 005100052555 |t DIE |y 23 | ||
| 856 | |u http://hdl.handle.net/11610/6075 | ||
| 901 | |a BIBL1-2013-1 | ||
| 924 | |a Κόντης |b Μάριος |y Λέσβος |z 2012-10 | ||
| 970 | |a ΤΖΑΦΕΡΗ |b ΕΥΑΓΓΕΛΙΑ |z 2013/04/17 | ||